G78-汕昆高速公路途径行政区 - Statistics

General Stats
  • This quiz has been taken 8 times
  • The average score is 16 of 19
Answer Stats
序号 行政区 备注 % Correct
1 汕头
100%
2 揭阳 溪头枢纽
100%
5 梅州
88%
7 韶关
88%
8 清远
88%
9 肇庆
88%
11 桂林
88%
12 柳州
88%
13 河池
88%
14 百色
88%
3 潮州
75%
4 揭阳 主段
75%
6 河源
75%
10 贺州
75%
15 黔西南州
75%
16 曲靖
75%
17 昆明 东段
75%
18 玉溪
75%
19 昆明 市区终点段
75%
No matching quizzes found
Score Distribution
Percent of People with Each Score
Percentile by Number Answered
Your Score History
You have not taken this quiz